Pohádková angličtina : [dramatizace pohádek v angličtině a hry s nimi] /

Hlavní autor: Hanšpachová, Jana, 1963-
Další autoři: Řandová, Zuzana, Vogelová, Eva
Jazyk: Angličtina
Čeština
Vydáno: Praha : Portál, 2011
Vydání: Vyd. 2.
Témata:
Fyzický popis: 119 s. : il. ; 23 cm
Knihy
Uloženo v:
LEADER 01949nam a2200565 a 4500
001 nkc20112221936
003 CZ PrNK
005 20120104141838.0
007 ta
008 110823s2011 xr a e f 000 m eng
015 |a cnb002221936 
020 |a 978-80-262-0046-8  |q (brož.) 
035 |a (OCoLC)773170767 
040 |a ABA001  |b cze  |d OLA001  |d BOA001 
041 0 |a eng  |a cze 
072 7 |a 811.111  |x Angličtina  |2 Konspekt  |9 11 
080 |a 811.111  |2 MRF 
080 |a 81'24  |2 MRF 
080 |a 792:37.016  |2 MRF 
080 |a 81:371.382  |2 MRF 
080 |a (0:82-34)  |2 MRF 
080 |a (0:82-25)  |2 MRF 
080 |a (072)  |2 MRF 
100 1 |a Hanšpachová, Jana,  |d 1963-  |7 jo20010082955  |4 aut 
245 1 0 |a Pohádková angličtina :  |b [dramatizace pohádek v angličtině a hry s nimi] /  |c Jana Hanšpachová, Zuzana Řandová ; [ilustrace Eva Vogelová] 
250 |a Vyd. 2. 
260 |a Praha :  |b Portál,  |c 2011 
300 |a 119 s. :  |b il. ;  |c 23 cm 
521 8 |a Určeno pro děti od 5 do 10 let 
650 0 7 |a angličtina  |7 ph114056  |2 czenas 
650 0 7 |a jazyková výuka  |7 ph162894  |2 czenas 
650 0 7 |a dramatická výchova  |7 ph114357  |2 czenas 
650 0 7 |a jazykové hry  |7 ph175735  |2 czenas 
650 0 9 |a English language  |2 eczenas 
650 0 9 |a language teaching and learning  |2 eczenas 
650 0 9 |a drama in education  |2 eczenas 
650 0 9 |a language games  |2 eczenas 
655 7 |a pohádky  |7 fd133054  |2 czenas 
655 7 |a scénáře  |7 fd133354  |2 czenas 
655 7 |a metodické příručky  |7 fd132826  |2 czenas 
655 9 |a fairy tales  |2 eczenas 
655 9 |a scenarios  |2 eczenas 
655 9 |a methodological manuals  |2 eczenas 
700 1 |a Řandová, Zuzana  |7 xx0030236  |4 aut 
700 1 |a Vogelová, Eva  |7 jx20050504036  |4 ill 
910 2 |a BOA001  |b 2-1273.819 
990 |a BK 
995 |a 01 
991 |b 201112  |c NOV  |e n 
996 6 |b 2610492879  |c 2-1273.819  |l MZK  |r Sklad / do 1 hodiny  |n 4  |p p.v.  |w 001212670  |u 000010  |a 1  |e BOA001  |j MZK50  |s P